Alle Windows-Versionen - Statistiken

Allgemein
  • Dieses Quiz wurde 27 mal gespielt
  • Das Durchschnittsergebnis liegt bei 7 aus 14
Antwortstatistiken
Betriebssystem % Korrekt
Windows 10
96%
Windows 8
96%
Windows 11
91%
Windows 7
91%
Windows XP
91%
Windows Vista
74%
Windows 98
52%
Windows 95
48%
Windows 8.1
35%
Windows 1.0
13%
Windows 2.0
13%
Windows 3.0 / 3.1
13%
Windows NT
9%
Windows ME
4%
Keine übereinstimmenden Quizze gefunden
Verteilung der Resultate
Anzahl Personen mit jedem Resultat
Perzentil nach korrekt beantworteten Fragen
Ihre Resultats-Entwicklung
Sie haben dieses Quiz noch nicht gespielt